Lieux Paper Mario : la porte millénaire - Statistiques

Statistiques générales
  • Ce quiz a été pris 37 fois
  • Le résultat moyen est 12 sur 23
Statistiques - réponses
Chapitre Lieux % Correct
Prologue Port-Lacanaïe
96%
Carafleur
79%
Château de Carbocroc
75%
Lune
75%
Chapitre 3 Yunnanville
75%
Grand Arbre
71%
Chapitre 4 Penocta
63%
Sous-sols de Port-Lacanaïe
63%
Église Occulte
58%
Chapitre 5 Ile Tropatroce
58%
Maison de Cumulia
58%
Chapitre 1 Plaine Dragobé
58%
Arènes de Yunnanville
50%
Chapitre 7 Perduvostok
50%
Picaly Hills
50%
Chapitre 2 Bois Insolites
42%
Chapitre 6 Crésus Express
42%
Gare de Riverside
42%
Épilogue Porte Millénaire
33%
Grotte Pirate
25%
Base Mégacruxis
13%
Chemin Penocta
8%
Donjon aux 100 étages
8%
Aucun quiz correspondant
Distribution des résultats
% des personnes avec chaque résultat
Percentile par nombre de réponses
Votre historique - résultats
Vous n’avez pas pris ce quiz